| 000 | 01636cam a2200445 i 4500 | ||
|---|---|---|---|
| 001 | 21876302 | ||
| 005 | 20250328091556.0 | ||
| 008 | 200824s2020 enka b 001 0 eng d | ||
| 010 | _a 2020445176 | ||
| 015 |
_aGBC0D0815 _2bnb |
||
| 016 | 7 |
_a019907703 _2Uk |
|
| 020 |
_a9781474317238 _q(hardback) |
||
| 020 |
_a1474317235 _q(hardback) |
||
| 035 | _a(OCoLC)on1197738825 | ||
| 040 |
_aUKMGB _beng _cUKMGB _erda _dOCLCO _dYDX _dOCLCF _dNTU _dDLC |
||
| 042 | _alccopycat | ||
| 043 |
_ae-uk-en _ae-uk-wl |
||
| 050 | 0 | 0 |
_aKD1629 _b.G66 2020 |
| 082 | 0 | 4 |
_a346.4207 _bMCK |
| 100 | 1 |
_aMcKendrick, Ewan, _eauthor. _9128220 |
|
| 240 | 1 | 0 | _aGoode on commercial law |
| 245 | 1 | 0 |
_aGoode and McKendrick on commercial law / _cEwan McKendrick. |
| 246 | 3 | 0 | _aCommercial law |
| 250 | _aSixth edition. | ||
| 264 | 1 |
_aLondon : _bLexisNexis Butterworths, _c2020. |
|
| 300 |
_acl, 1484 pages : _billustrations ; _c26 cm |
||
| 336 |
_atext _btxt _2rdacontent |
||
| 336 |
_astill image _2rdacontent |
||
| 337 |
_aunmediated _bn _2rdamedia |
||
| 338 |
_avolume _bnc _2rdacarrier |
||
| 500 | _aPrevious edition: UK: Penguin Books, 2016. | ||
| 504 | _aIncludes bibliographical references and index. | ||
| 650 | 0 |
_aCommercial law _zEngland. _990037 |
|
| 650 | 0 |
_aCommercial law _zWales. _9128548 |
|
| 775 | 0 | 8 |
_iRevision of: _aGoode, Royston Miles. _tCommercial law. _b3rd ed. _dLondon ; Dayton, Ohio : LexisNexis, 2004. _w(DLC) 2005415996. _z040696436X. |
| 906 |
_a7 _bcbc _ccopycat _d2 _encip _f20 _gy-gencatlg |
||
| 942 |
_2ddc _cBK |
||
| 999 |
_c613490 _d613490 |
||